Teoría y resistencia en educación (Record no. 161181)

MARC details
000 -LEADER
fixed length control field 01091nam a22002657a 4500
005 - DATE AND TIME OF LATEST TRANSACTION
control field 20220428115115.0
008 - FIXED-LENGTH DATA ELEMENTS--GENERAL INFORMATION
fixed length control field 220322b mx ||||| |||| 00| 0 spa d
020 ## - INTERNATIONAL STANDARD BOOK NUMBER
International Standard Book Number 9682317924
050 04 - LIBRARY OF CONGRESS CALL NUMBER
Classification number LB885
Item number G57 1992
100 1# - MAIN ENTRY--PERSONAL NAME
Personal name Giroux, Henry A.
240 1# - UNIFORM TITLE
Uniform title theory and resistancein education a pedagogy for the opposition
Language of a work Español
245 10 - TITLE STATEMENT
Title Teoría y resistencia en educación
Remainder of title : una pedagogía para la oposición
Statement of responsibility, etc / Henry A. Giroux ; prologo de Paulo Freire ; traducción Ada Teresita Méndez ; revisión conceptual Alicia de Alba, Bertha Orozco.
250 ## - EDITION STATEMENT
Edition statement 1a ed.
260 ## - PUBLICATION, DISTRIBUTION, ETC. (IMPRINT)
Place of publication, distribution, etc México :
Name of publisher, distributor, etc Siglo veintiuno :
-- Universidad Nacional Autónoma de México,
Date of publication, distribution, etc 1992
300 ## - PHYSICAL DESCRIPTION
Extent 329 p. ;
Dimensions 21 cm.
490 0# - SERIES STATEMENT
Series statement Educación
500 ## - GENERAL NOTE
General note Incluye índice
504 ## - BIBLIOGRAPHY, ETC. NOTE
Bibliography, etc Bibliografía: p. 301-319
650 #7 - SUBJECT ADDED ENTRY--TOPICAL TERM
Topical term or geographic name as entry element Educación
General subdivision Filosofía
Source of heading or term lemb
650 #7 - SUBJECT ADDED ENTRY--TOPICAL TERM
Source of heading or term lemb
Topical term or geographic name as entry element Pedagogía
General subdivision Discursos, ensayos, conferencias
700 1# - ADDED ENTRY--PERSONAL NAME
Personal name Freire, Paulo,
Relator term prólogo
700 1# - ADDED ENTRY--PERSONAL NAME
Personal name Méndez, Ada Teresita,
Relator term traductor
700 1# - ADDED ENTRY--PERSONAL NAME
Personal name Alba, Alicia de,
Relator term revisión conceptual
942 ## - ADDED ENTRY ELEMENTS (KOHA)
Source of classification or shelving scheme Biblioteca del Cogreso de los Estados Unidos
Koha item type Libro
Holdings
Estado de pérdida Fuente de clasificación Estado del daño No para préstamo Ubicación permanente Ubicación actual Apartado o colección Fecha de adquisición Edición Área del conocimiento Total Checkouts Clasificación Código de Barras Date last seen Número de copia Costo por reposición Tipo de recurso
  Biblioteca del Cogreso de los Estados Unidos     Biblioteca Pública Universitaria Biblioteca Pública Universitaria General 22/03/2022 1a ed. Educación y Humanidades   LB885 G57 1992 BPU000000832 22/03/2022 1 1.00 Libro